Slovenské vysoké školstvo je pred kolapsom

Kritická finančná situácia slovenských vysokých škôl v posledných rokoch. Dôsledky osempercentného viazania prostriedkov štátneho rozpočtu pre vysoké školy. Situácia na jednotlivých vysokých školách. Možnosť kolapsu najväčších univerzít. Rast výdavkov na vysoké školy v SR.

Salvato in:
Dettagli Bibliografici
Autore principale: Reiselová, Eva
Natura: Capitolo di libro
Lingua:slovacco
Soggetti:
Tags: Aggiungi Tag
Nessun Tag, puoi essere il primo ad aggiungerne!!

MARC

LEADER 00000naa a2200000 4500
001 r033205
005 20230921102137.6
041 0 |a slo 
044 |a SK 
245 1 0 |a Slovenské vysoké školstvo je pred kolapsom  |c Eva Reiselová 
520 |a Kritická finančná situácia slovenských vysokých škôl v posledných rokoch. Dôsledky osempercentného viazania prostriedkov štátneho rozpočtu pre vysoké školy. Situácia na jednotlivých vysokých školách. Možnosť kolapsu najväčších univerzít. Rast výdavkov na vysoké školy v SR. 
610 2 0 |a školy vysoké 
610 2 0 |a školy vysoké odborné 
610 2 0 |a financie 
610 2 0 |a financovanie 
610 2 0 |a rozpočet štátny 
610 2 0 |a Slovensko 
100 1 |a Reiselová, Eva